La réponse est de plus en plus longue - Football - Statistiques

Statistiques générales
  • Ce quiz a été pris 1 617 fois
  • Le résultat moyen est 16 sur 20
Statistiques - réponses
Indice Lettres Réponse % Correct
Première lettre de leur prénom qu'ont en commun Zidane et Ibrahimović 1 Z
100%
Sigle désignant le système d'assistance vidéo pour l'arbitrage 3 VAR
96%
Surnom de l'actuel sélectionneur de l'Équipe de France, dû au fait qu'il ait les initiales du bonheur 2 DD
95%
Joueur qui a remporté 7 Ballons d'or, ce qui est un record 11 Lionel Messi
94%
Signification de c.s.c lors d'un but marqué 13 Contre son camp
93%
Nom donné au football aux États-Unis 6 Soccer
92%
Terme entré dans le langage courant, désignant une victoire inespérée alors qu'il y avait un grand écart de buts 9 Remontada
90%
Nom donné à un match entre deux clubs d'une même ville 5 Derby
88%
Joueur brésilien ballon d'or en 2007 4 Kaká
87%
Signification du sigle EA dans le nom du club de Guingamp 7 {En} {avant} Guingamp
86%
Célèbre phrase de Thierry Roland en 1998 : "Je crois qu'après avoir vu ça, on peut ____ _____ ! " 16 Mourir tranquille
83%
Surnom donné au but de la main de Maradona lors du Mondial 1986 10 "Main de Dieu"
82%
Zone du terrain dans laquelle une faute commise par un défenseur sur un attaquant peut entraîner un penalty 19 Surface de réparation
81%
Ancien joueur de l'Equipe de France d'origine basque, aujourd'hui commentateur pour TF1 15 Bixente Lizarazu
79%
"Victime" du coup de boule de Zidane lors de la finale du Mondial 2006 14 Marco Materazzi
78%
Meilleur buteur en Coupe du Monde de l'histoire, 13 buts inscrits en 1958 12 Just Fontaine
68%
Stade mythique de Rio de Janeiro 8 Maracanã
62%
Geste technique qui consiste à décrire un cercle autour du ballon avec les pieds mais sans le toucher 17 Passement de jambes
56%
Surnom de Johan Cruyff qui renvoie au mythe d'un célèbre vaisseau fantôme 18 Le Hollandais Volant
39%
Poste du joueur portant généralement le n°3, désigné par le sigle LTI 20 Arrière latéral gauche
30%
Aucun quiz correspondant
Distribution des résultats
% des personnes avec chaque résultat
Percentile par nombre de réponses
Votre historique - résultats
Vous n’avez pas pris ce quiz